000 01172cam a2200313 i 4500
001 768714001
003 CO-MdBIC
005 20231201110931.0
008 231201t1979 -us||||| |||| 00| 0 eng d
020 _a0-19-826650-2
040 _bspa.
_aCO-MdFUSB
_cCO-MdFUSB
_dCO-MdFUSBC
_erda
041 _aeng
082 0 4 _aG 231.765 P356w
100 1 _aPeacocke, A. R.
245 1 0 _aCreation and the world of science : The Bampton lectures, 1978 / A. R. Peacocke
_c/
264 1 _aOxford, England : Clarendon Press
_bThe Clarendon Press,
_c[1979]
264 4 _c©1979
300 _axix, 389 páginas
_c;
336 _atexto
_btxt
_2rdacontent
337 _2rdamedia
_asin mediación
_bn
338 _2rdacarrier
_avolumen
_bnc
500 _aIncluye índices (p. 373-389)
501 _aPasta dura
505 0 0 _aLos dos libros - El cosmos, el hombre y la creación - El azar y la vida-juego - Jerarquías de la naturaleza - El gen egoísta y cómo viven los hombres - El hombre desarrollado y Dios encarnado - El hombre en la creación - Creación y esperanza
650 7 _aCreación
_9251
650 7 _aReligión y ciencia
_9259
942 _cBK
945 _ajohan1477
999 _c46254
_d46254